000 00545nam a2200181Ia 4500
008 090123s9999 xx 000 0 und d
082 _b4251
_a891.463/पुर्नवसू
100 _aबनहट्टी राजेंद्र
245 _aशंभूराव
250 _a1
260 _c1967
300 _a99
600 _aबनहट्टी राजेंद्र
630 _aशंभूराव
700 _aबनहट्टी राजेंद्र
730 _aशंभूराव
942 _cBOOK
999 _c42326
_d42326